Catia Version 5 Workbook : Knowledgeware and Work Benches

Na minha lista:
Detalhes bibliográficos
Autor principal: Cozzens, Richard (Author)
Formato: Livro
Idioma:inglês
Publicado em: SDC 2004
Tags: Adicionar Tag
Sem tags, seja o primeiro a adicionar uma tag!

MARC

LEADER 00000nam a22000003a 4500
001 stu95430
005 20150617225814.0
008 050831s2004------------------------eng-d
020 |a 1-58503-206-9 
040 |a STU  |b slo 
041 0 |a eng 
044 |a xxu 
080 |a 621.022  |7 stu_us_auth*stu2534 
100 1 |a Cozzens, Richard  |4 aut 
245 1 |a Catia Version 5 Workbook :  |b Knowledgeware and Work Benches 
260 |c 2004 
260 |b SDC 
300 |c tabuľky 
996 |b 284J027421  |c J*104386  |l JJK9  |s P  |a 0  |w stu95430_0001